00285pab a2200121 454500008004000000100002700040245002800067260000900095300001300104362001000117650002100127773001500148180718b2004 xxu||||| |||| 00| 0 eng d aSingh, Bhupendra Kumar aChina's energy security c2004 ap.29-30. a3 Apr aEnergy resources aMainstream